Attitudinal characteristics, coupon characteristics and redemption intentions : a segment-level analysis /
Saved in:
| 主要作者: | |
|---|---|
| 格式: | Thesis 圖書 |
| 語言: | English |
| 出版: |
2012.
|
| 主題: | |
| 在線閱讀: | http://studentsrepo.um.edu.my/id/eprint/3443 |
| 標簽: |
添加標簽
沒有標簽, 成為第一個標記此記錄!
|
| LEADER | 01351cam a2200313 a 4500 | ||
|---|---|---|---|
| 001 | u855312 | ||
| 003 | SIRSI | ||
| 005 | 201204201135 | ||
| 008 | 120420s2012 my a t 000 0 eng m | ||
| 040 | |a UMM |d UMK |d AUM |e rda | ||
| 090 | |a HF1008 |b UM 2012 Lim | ||
| 098 | |a HF1008 |b UM 2012 Lim | ||
| 100 | 1 | |a Lim, Pei Yee. | |
| 245 | 1 | 0 | |a Attitudinal characteristics, coupon characteristics and redemption intentions : |b a segment-level analysis / |c Lim Pei Yee. |
| 260 | |c 2012. | ||
| 300 | |a [8] 73 [13] leaves : |b ill. ; |c 30 cm. | ||
| 502 | |a Dissertation (M.B.A.) -- Fakulti Perniagaan dan Perakaunan, Universiti Malaya, 2012. | ||
| 504 | |a Bibliography: leaves 67-73. | ||
| 530 | |a Also issued in CD. | ||
| 650 | 0 | |a Coupons (Retail trade). | |
| 650 | 0 | |a Sales promotion. | |
| 650 | 0 | |a Marketing. | |
| 710 | 2 | |a Universiti Malaya. |b Fakulti Perniagaan dan Perakaunan. | |
| 856 | 4 | 1 | |u http://studentsrepo.um.edu.my/id/eprint/3443 |
| 596 | |a 1 19 25 | ||
| 900 | |a NHS-ZA | ||
| 999 | |a HF1008 UM 2012 LIM |w LC |c 1 |i A515039514 |d 25/2/2015 |e 25/2/2015 |f 20/11/2012 |g 1 |l STACKS |m P01UTAMA |n 2 |r Y |s Y |t TESIS |u 20/11/2012 | ||
| 999 | |a HF1008 UM 2012 LIM |w LC |c 1 |i A515039488 |d 28/11/2012 |f 28/11/2012 |g 1 |l STACKS |m P19KOTA |r Y |s Y |t TESIS |u 28/11/2012 | ||
| 999 | |a HF1008 UM 2012 LIM |w LC |c 1 |i A515039151 |f 15/2/2023 |g 1 |l STACKS |m P25UMARCHI |r N |s Y |t CD |u 17/6/2015 |1 AHSS |o .STAFF. MST-CD1728 | ||
